| 000 | 00847nac a22002291u 4500 | ||
|---|---|---|---|
| 010 | _a 2004116572 | ||
| 020 | _a0976268604 | ||
| 035 | _a(OCoLC)ocm57707154 | ||
| 082 | 0 | 4 |
_a658.314 _bB1688 |
| 090 |
_c2504 _d2504 |
||
| 100 | _aBakke, Dennis. | ||
| 245 | 1 | 0 |
_aJoy at work : _ba revolutionary approach to fun on the job / _cDennis W. Bakke. |
| 260 |
_aSeattle, WA : _bPVG, _c2005. |
||
| 300 |
_a314 p., [8] p. of plates : _bill. ; _c25 cm. |
||
| 500 | _aShuaa. | ||
| 504 | _aIncludes bibliographical references (p. 299-304) and index. | ||
| 650 | 0 | _aLeadership. | |
| 650 | 0 | _aOrganizational change. | |
| 650 | 0 | _aStrategic planning. | |
| 942 |
_cBB _k658.314 B1688 |
||
| 999 |
_c2504 _d2504 |
||